000 00213nam a22000857a 4500
008 160831b xxu||||| |||| 00| 0 eng d
100 _9271
_aBPI India
245 _aCinderella
260 _aNew Delhi
_bBPI publication
_c2011
999 _c2929
_d2929